000
00262nam a2200133Ia 4500
100
_a
Saran D
942
_c
BK
654
_a
Physics
245
_a
Problems in Physics
260
_b
Wheeler
_a
New Delhi
_c
1994
300
_a
290
546
_a
ENGLISH
999
_c
35497
_d
35497